000 00446nam a22001697a 4500
999 _c4608
_d4608
008 200814b ||||| |||| 00| 0 eng d
082 0 0 _a623.8650223
_bJ561
100 _93590
_a Jerome, J. A.
245 1 0 _aShips and fire
_cby J. A. Jerome
250 _a2nd ed.
260 _aLondon
_bBirchall
_c1961
300 _a74 p.
365 _d1.60
650 0 _aShips-- Fires and Fire Prevention
700 _93674
_aHenderson, Norman.
942 _cBK